000 00858cam a2200265 a 4500
001 000010552
003 UkOxU
005 20200929162240.0
008 500101s1969 stk b 001 0beng d
020 _a0050018493
040 _aDO-SdBNP
_beng
_cLC
_dBNPHU
082 _a928.21
_bO81C
100 1 _aCarter, Alan,
_d1936-
_925600
245 1 0 _aJohn Osborne /
_cAlan Carter ; edición general A. Norman Jeffares y R. I. C. Lorimer.
260 _aEdinburgh :
_bOliver & Boyd,
_c1969.
300 _a194 p. ;
_c23 cm.
490 1 _aBiography and Criticism,
_v14
504 _aBibliografía: p. 187-191
600 1 0 _aOSBORNE, JOHN,
_d1829-1994
_925601
700 1 _aJeffares, A. Norman,
_eed.
_925602
700 1 _aLorimer, R. L. G.,
_eed.
_925603
830 0 _aBiography and Criticism,
_v14
_925604
910 _aCatalogación por copia / Oxford
049 _aBNGR
999 _c10310
_d10310